[Event "GBR-ch86"]
[Site "Scarborough"]
[Date "1999.08.10"]
[Round "8.27"]
[White "Hanley, Craig"]
[Black "Simons, Martin"]
[Result "1/2-1/2"]
[WhiteElo "2178"]
[BlackElo "2264"]
[PlyCount "50"]
[EventDate "1999.08.02"]
[EventType "swiss"]
[EventRounds "11"]
[EventCountry "GBR"]

1. d4 Nf6 2. Nf3 g6 3. g3 Bg7 4. Bg2 O-O 5. O-O d6 6. c4 Nbd7 7. b4 c5 8. bxc5
dxc5 9. e3 Qc7 10. Na3 a6 11. Rb1 Ne4 12. Bb2 Rb8 13. d5 Nc3 14. Bxc3 Bxc3 15.
Rb3 Bg7 16. e4 Re8 17. Re1 Ne5 18. Nd2 g5 19. Nf1 Bd7 20. Qe2 Ba4 21. Rbb1 Qa5
22. Rec1 Bd7 23. Rb3 Ba4 24. Rbb1 Bd7 25. Rb3 Ba4 1/2-1/2

[Event "GBR-ch86"]
[Site "Scarborough"]
[Date "1999.08.10"]
[Round "8.28"]
[White "Waters, Clive"]
[Black "Houska, Jovanka"]
[Result "1/2-1/2"]
[WhiteElo "2158"]
[BlackElo "2251"]
[PlyCount "106"]
[EventDate "1999.08.02"]
[EventType "swiss"]
[EventRounds "11"]
[EventCountry "GBR"]

1. d4 d5 2. Nf3 Nf6 3. c4 c6 4. e3 Bf5 5. cxd5 cxd5 6. Qb3 Qc8 7. Nc3 e6 8.
Bb5+ Nc6 9. Bd2 Be7 10. O-O O-O 11. Bxc6 bxc6 12. Rfc1 Rb8 13. Qd1 Nd7 14. Na4
Qa6 15. a3 Nb6 16. Nxb6 Rxb6 17. b4 f6 18. Bc3 Qb7 19. Nh4 Bd6 20. Nxf5 exf5
21. Qf3 Qd7 22. Rcb1 Rfb8 23. g3 Qe6 24. Rc1 Qe4 25. Qxe4 fxe4 26. Rc2 Kf7 27.
Rac1 Ke6 28. Kg2 Kd7 29. Bd2 Ra6 30. Rc3 Rbb6 31. Rb3 Ra4 32. Rcb1 Kc7 33. f3
a5 34. fxe4 dxe4 35. Kh3 axb4 36. Bxb4 Bxb4 37. axb4 Kd6 38. Kg4 Ke6 39. h4 Rb5
40. Rc1 Ra6 41. Rc5 f5+ 42. Kg5 Rxc5 43. bxc5 Ra1 44. Rb6 Kd5 45. Kxf5 Rf1+ 46.
Kg4 Rf3 47. Rb3 g6 48. Ra3 h5+ 49. Kh3 Kc4 50. Kg2 Rf6 51. Ra6 Kb5 52. Rb6+ Kc4
53. Ra6 Kb5 1/2-1/2

[Event "GBR-ch86"]
[Site "Scarborough"]
[Date "1999.08.10"]
[Round "8.29"]
[White "Scannell, Stephen"]
[Black "Jackson, Oliver"]
[Result "1-0"]
[WhiteElo "2069"]
[BlackElo "2242"]
[PlyCount "75"]
[EventDate "1999.08.02"]
[EventType "swiss"]
[EventRounds "11"]
[EventCountry "GBR"]

1. d4 Nf6 2. c4 c5 3. d5 b5 4. cxb5 a6 5. Nc3 axb5 6. e4 b4 7. Nb5 d6 8. Bf4 g5
9. Bxg5 Nxe4 10. Bf4 Bg7 11. Qe2 Nf6 12. Nxd6+ Kf8 13. Nxc8 Qxc8 14. Qf3 Nbd7
15. Bb5 Ra5 16. Bc6 Ne8 17. Ne2 Ne5 18. Bxe5 Bxe5 19. O-O Bxb2 20. Nf4 Qf5 21.
Bxe8 Kxe8 22. Rae1 Be5 23. Re4 Rxa2 24. Rfe1 Bd6 25. Rxe7+ Bxe7 26. d6 Qd7 27.
dxe7 Ra6 28. Nh5 Re6 29. Rxe6 Qxe6 30. Ng7+ Kxe7 31. Nxe6 fxe6 32. Qc6 Rd8 33.
Qxc5+ Kf6 34. Kf1 Rb8 35. Qc4 Rb7 36. Qd4+ e5 37. Qd5 Re7 38. Qd6+ 1-0

[Event "GBR-ch86"]
[Site "Scarborough"]
[Date "1999.08.10"]
[Round "8.30"]
[White "Farndon, David"]
[Black "Ledger, David"]
[Result "0-1"]
[WhiteElo "2238"]
[BlackElo "2240"]
[PlyCount "60"]
[EventDate "1999.08.02"]
[EventType "swiss"]
[EventRounds "11"]
[EventCountry "GBR"]

1. c4 e5 2. g3 Nc6 3. Bg2 d6 4. Nc3 Be6 5. d3 Qd7 6. Rb1 g6 7. b4 Bg7 8. b5 Nd8
9. Bd2 Ne7 10. Nd5 O-O 11. e4 c6 12. Nxe7+ Qxe7 13. Ne2 f5 14. O-O fxe4 15.
Bxe4 Bh3 16. Bg2 Bxg2 17. Kxg2 Ne6 18. bxc6 bxc6 19. Qa4 Rac8 20. Be3 Qf6 21.
f4 exf4 22. Nxf4 Nxf4+ 23. Bxf4 Qd4 24. Qa3 d5 25. c5 Rce8 26. Bd6 Rxf1 27.
Rxf1 Re2+ 28. Kh1 h5 29. Qa6 Qg4 30. Qxc6 Qh3 0-1

[Event "GBR-ch86"]
[Site "Scarborough"]
[Date "1999.08.10"]
[Round "8.31"]
[White "Berry, Neil"]
[Black "Cobb, James E"]
[Result "0-1"]
[WhiteElo "2200"]
[BlackElo "2349"]
[PlyCount "74"]
[EventDate "1999.08.02"]
[EventType "swiss"]
[EventRounds "11"]
[EventCountry "GBR"]

1. d4 Nf6 2. Nf3 g6 3. c4 Bg7 4. Nc3 O-O 5. e4 d6 6. Be2 Nbd7 7. Be3 e5 8. d5
a5 9. Nd2 Ne8 10. g4 Nc5 11. h4 f5 12. gxf5 gxf5 13. exf5 Bxf5 14. Nf1 Nf6 15.
Ng3 Qd7 16. Rg1 Kh8 17. Qd2 Nfe4 18. Ngxe4 Nxe4 19. Nxe4 Bxe4 20. Bg4 Bf5 21.
Bxf5 Qxf5 22. O-O-O Bf6 23. h5 b6 24. h6 Rg8 25. Qc2 e4 26. Rxg8+ Rxg8 27. Qa4
Bg5 28. Qb3 Rg6 29. Qc3+ Kg8 30. Qd2 Kf7 31. Re1 Bh4 32. Qd4 Bf6 33. Qd2 Rg4
34. Kb1 Kg6 35. Qc2 Bg5 36. Bxg5 Kxg5 37. Qd2+ e3+ 0-1

[Event "GBR-ch86"]
[Site "Scarborough"]
[Date "1999.08.10"]
[Round "8.32"]
[White "Jackson, Adrian"]
[Black "Aikhoje, Odion"]
[Result "0-1"]
[WhiteElo "2223"]
[BlackElo "2341"]
[PlyCount "78"]
[EventDate "1999.08.02"]
[EventType "swiss"]
[EventRounds "11"]
[EventCountry "GBR"]

1. e4 Nf6 2. e5 Nd5 3. d4 d6 4. Nf3 Bg4 5. Be2 e6 6. O-O Be7 7. c4 Nb6 8. Nc3
Nc6 9. exd6 cxd6 10. d5 exd5 11. Nxd5 O-O 12. Nxe7+ Qxe7 13. b3 Rfe8 14. Be3
Rad8 15. Qc2 Bxf3 16. Bxf3 Ne5 17. Be4 g6 18. Rae1 Qc7 19. Bd4 f5 20. Bd3 Nbd7
21. f4 Nxd3 22. Qxd3 Nc5 23. Qc2 Ne4 24. g4 Re6 25. Qg2 Kf8 26. Qh3 Qf7 27. Re2
b6 28. Rg2 Rd7 29. Ba1 d5 30. cxd5 Rxd5 31. Rc2 Qd7 32. gxf5 gxf5 33. Rg2 Qf7
34. Rc1 Rg6 35. Rc8+ Ke7 36. Rc7+ Kd8 37. Rc1 Rd2 38. Rxg6 Qxg6+ 39. Kf1 Rf2+
0-1

[Event "GBR-ch86"]
[Site "Scarborough"]
[Date "1999.08.10"]
[Round "8.33"]
[White "Thiruchelvam, Murugan"]
[Black "Bisby, Daniel"]
[Result "1/2-1/2"]
[WhiteElo "2088"]
[BlackElo "2252"]
[PlyCount "46"]
[EventDate "1999.08.02"]
[EventType "swiss"]
[EventRounds "11"]
[EventCountry "GBR"]

1. e4 c5 2. Nf3 d6 3. Bb5+ Nd7 4. O-O Ngf6 5. Re1 a6 6. Bf1 e6 7. c3 b5 8. d4
Bb7 9. Bd3 Be7 10. Nbd2 e5 11. Nf1 O-O 12. Ng3 g6 13. a4 Qb6 14. d5 c4 15. Bc2
Nc5 16. Bh6 Rfe8 17. axb5 axb5 18. Qd2 Ng4 19. h3 Nxh6 20. Qxh6 Bf8 21. Qg5 Bg7
22. Nh2 h6 23. Qe3 Nd7 1/2-1/2

[Event "GBR-ch86"]
[Site "Scarborough"]
[Date "1999.08.10"]
[Round "8.37"]
[White "Smith, Andrew Philip"]
[Black "Ledger, Stephen C"]
[Result "0-1"]
[WhiteElo "2275"]
[BlackElo "2162"]
[PlyCount "114"]
[EventDate "1999.08.02"]
[EventType "swiss"]
[EventRounds "11"]
[EventCountry "GBR"]

1. e4 c5 2. Nf3 Nc6 3. d4 cxd4 4. Nxd4 e5 5. Nb5 d6 6. Bd3 Be6 7. O-O Nf6 8.
Bg5 Be7 9. Bxf6 Bxf6 10. Nd2 a6 11. Nc3 Rc8 12. Nc4 Bg5 13. Re1 O-O 14. Ne3 Ne7
15. Qh5 f6 16. Rad1 g6 17. Qe2 Bxe3 18. Qxe3 Kg7 19. Rd2 Qa5 20. Bf1 Rfd8 21.
Red1 Qc7 22. h4 Rd7 23. h5 Rcd8 24. h6+ Kf7 25. g3 Qc5 26. Qf3 Ng8 27. Nd5 Bxd5
28. Rxd5 Qxc2 29. Bh3 Re7 30. R5d2 Qc6 31. Qe3 Rc7 32. Bf1 Qc5 33. Qb3+ Kf8 34.
Rd5 Qc6 35. Qa3 Nxh6 36. Rxd6 Rxd6 37. Rxd6 Qc5 38. Rxf6+ Kg7 39. Qf3 Qe7 40.
Rb6 Qf7 41. Qd3 Ng4 42. Qe2 Nf6 43. b3 Qe7 44. Bh3 Qc5 45. Re6 Qd4 46. Qf3 Rf7
47. Bg2 h5 48. Qe3 Qa1+ 49. Bf1 Qxa2 50. Qb6 Qc2 51. f3 Qc3 52. Bg2 Qe1+ 53.
Kh2 h4 54. gxh4 Qxh4+ 55. Kg1 Qg3 56. Qd6 Nd7 57. Re7 Qe1+ 0-1

[Event "GBR-ch86"]
[Site "Scarborough"]
[Date "1999.08.10"]
[Round "8.41"]
[White "Buckley, Melanie"]
[Black "Clarke, Thomas"]
[Result "1-0"]
[WhiteElo "2075"]
[BlackElo "2204"]
[PlyCount "97"]
[EventDate "1999.08.02"]
[EventType "swiss"]
[EventRounds "11"]
[EventCountry "GBR"]

1. e4 e6 2. Nc3 d5 3. Nf3 Bb4 4. e5 Ne7 5. Ne2 c5 6. c3 Ba5 7. d4 cxd4 8. Nexd4
Nbc6 9. Bd3 Nxd4 10. Nxd4 Nc6 11. Nxc6 bxc6 12. Qg4 Kf8 13. O-O Bb6 14. Rd1 h5
15. Qf3 a5 16. a4 Ba6 17. Bxa6 Rxa6 18. Qd3 Ra7 19. b4 Kg8 20. Be3 Bxe3 21.
Qxe3 Qa8 22. Rdb1 axb4 23. Rxb4 Kh7 24. g4 hxg4 25. Rxg4 g6 26. Rh4+ Kg7 27.
Rxh8 Kxh8 28. Qd4 Kg8 29. Qb4 Qd8 30. Kf1 Qa5 31. Qxa5 Rxa5 32. f4 Kg7 33. Kf2
Kh6 34. Kg3 Kh5 35. Ra3 c5 36. Kf3 g5 37. Ra1 Kh4 38. Ra3 gxf4 39. Kxf4 Kh3 40.
Ra2 d4 41. cxd4 cxd4 42. Ke4 d3 43. Kxd3 Rxe5 44. a5 Rd5+ 45. Ke3 Rd7 46. a6
Ra7 47. Kd4 Kg4 48. Ke5 Kf3 49. Ra4 1-0

[Event "GBR-ch86"]
[Site "Scarborough"]
[Date "1999.08.10"]
[Round "8.44"]
[White "Lim, Chin Lee"]
[Black "D'Costa, Lorin"]
[Result "0-1"]
[WhiteElo "2110"]
[BlackElo "2215"]
[PlyCount "114"]
[EventDate "1999.08.02"]
[EventType "swiss"]
[EventRounds "11"]
[EventCountry "GBR"]

1. e4 c5 2. Nf3 d6 3. c4 Nc6 4. d4 cxd4 5. Nxd4 g6 6. Nc3 Bg7 7. Nc2 Nh6 8. Be2
O-O 9. g4 f6 10. Be3 Be6 11. h3 Rc8 12. Qd2 Nf7 13. Nd5 a6 14. Rb1 Re8 15. b4
Nce5 16. Bb6 Qd7 17. Nd4 Bxd5 18. cxd5 Nc4 19. Bxc4 Rxc4 20. f3 Rec8 21. O-O
Bh6 22. f4 Rc3 23. Kg2 Ne5 24. Rbc1 Rxc1 25. Rxc1 Nc4 26. Rxc4 Rxc4 27. b5 axb5
28. g5 Bg7 29. gxf6 Bxf6 30. Qd3 Qc8 31. f5 Bxd4 32. Bxd4 Rc2+ 33. Kg3 Qc4 34.
Qe3 Qf1 35. fxg6 Qg2+ 36. Kh4 Qxg6 37. e5 dxe5 38. Qxe5 Qf6+ 39. Qxf6 exf6 40.
Bxf6 Rd2 41. Be7 Rxd5 42. a3 Kf7 43. Bb4 Ke6 44. Kg4 Rf5 45. h4 h5+ 46. Kg3 Kd5
47. Be7 Ke4 48. Bb4 Rf3+ 49. Kg2 Rf4 50. Be7 Kd3 51. Kg3 Rf7 52. Bb4 Kc4 53.
Bd6 b6 54. Bb4 Kb3 55. Bd6 Rd7 56. Bf8 Ra7 57. Kf4 Rf7+ 0-1

[Event "GBR-ch86"]
[Site "Scarborough"]
[Date "1999.08.10"]
[Round "8.45"]
[White "Bushill, Michael"]
[Black "Player, Edmund C"]
[Result "0-1"]
[WhiteElo "2072"]
[BlackElo "2105"]
[PlyCount "96"]
[EventDate "1999.08.02"]
[EventType "swiss"]
[EventRounds "11"]
[EventCountry "GBR"]

1. e4 e6 2. d4 d5 3. e5 c5 4. c3 Nc6 5. Nf3 Qb6 6. a3 c4 7. g3 Bd7 8. Bg2 Na5
9. Nbd2 Ne7 10. O-O Nec6 11. Ne1 Be7 12. f4 O-O-O 13. Rb1 Kb8 14. Kh1 f6 15.
exf6 gxf6 16. Nef3 Bd6 17. Re1 Rde8 18. Bh3 Qc7 19. Bg2 Ka8 20. Nh4 e5 21. fxe5
fxe5 22. b4 cxb3 23. Nxb3 Nxb3 24. Qxb3 Na5 25. Qxd5 Bc6 26. Qa2 exd4 27. Bd2
Bxg2+ 28. Nxg2 dxc3 29. Rec1 Re2 30. Rxc3 Qxc3 31. Bxc3 Rxa2 32. Bxh8 Bxa3 33.
Nf4 Rc2 34. Nd3 Nc4 35. Re1 b5 36. Rb1 a6 37. g4 Kb7 38. h4 Nd2 39. Ra1 Nf3 40.
Be5 Nxe5 41. Rxa3 Nxd3 42. Rxd3 b4 43. g5 Rc3 44. Rd7+ Kc6 45. Ra7 Kb6 46. Rxh7
b3 47. Rh8 Kb7 48. Rh7+ Rc7 0-1

[Event "GBR-ch86"]
[Site "Scarborough"]
[Date "1999.08.11"]
[Round "9.1"]
[White "Hodgson, Julian M"]
[Black "Rahman, Ziaur"]
[Result "1-0"]
[WhiteElo "2605"]
[BlackElo "2461"]
[PlyCount "57"]
[EventDate "1999.08.02"]
[EventType "swiss"]
[EventRounds "11"]
[EventCountry "GBR"]

1. d4 d5 2. c4 c6 3. Nc3 e6 4. e4 Bb4 5. e5 c5 6. a3 cxd4 7. axb4 dxc3 8. bxc3
Qc7 9. Nf3 Ne7 10. Qd4 Ng6 11. b5 Nd7 12. Ba3 Ndxe5 13. Nd2 b6 14. cxd5 exd5
15. g3 Be6 16. Bg2 O-O-O 17. O-O Nc4 18. Rfd1 Nge5 19. Nxc4 Nxc4 20. Qxg7 h5
21. Bc1 Rdg8 22. Qd4 Kb7 23. Bf4 Qc5 24. Qxc5 bxc5 25. Ra6 Nb6 26. Be3 Bd7 27.
c4 Be6 28. Bxc5 Nxc4 29. Rxa7+ 1-0

[Event "GBR-ch86"]
[Site "Scarborough"]
[Date "1999.08.11"]
[Round "9.2"]
[White "Rowson, Jonathan"]
[Black "Wells, Peter K"]
[Result "1/2-1/2"]
[WhiteElo "2490"]
[BlackElo "2476"]
[PlyCount "123"]
[EventDate "1999.08.02"]
[EventType "swiss"]
[EventRounds "11"]
[EventCountry "GBR"]

1. e4 e5 2. Nf3 Nc6 3. Bb5 a6 4. Ba4 Nf6 5. O-O Be7 6. Re1 b5 7. Bb3 d6 8. c3
O-O 9. d3 Na5 10. Bc2 c5 11. Nbd2 Re8 12. Nf1 h6 13. Ng3 Bf8 14. d4 Qc7 15. d5
Nc4 16. a4 Bd7 17. b3 Na5 18. axb5 axb5 19. Be3 g6 20. h3 Bg7 21. Nd2 h5 22.
Ra2 Rec8 23. Qa1 Qd8 24. Qb2 h4 25. Ne2 Nh5 26. Nf3 c4 27. b4 Nb3 28. Rxa8 Rxa8
29. Bxb3 cxb3 30. Qxb3 f5 31. c4 bxc4 32. Qxc4 Rc8 33. Qb3 Nf6 34. Nc3 Qc7 35.
Bd2 Qc4 36. Qb1 fxe4 37. Nxe4 Nxe4 38. Qxe4 Qxe4 39. Rxe4 Bf5 40. Rxh4 e4 41.
Ng5 Rc4 42. Rh7 e3 43. Bxe3 Rxb4 44. Kh2 Be5+ 45. g3 Bg7 46. Kg2 Bc8 47. Bd2
Rc4 48. h4 Bb7 49. h5 Bxd5+ 50. Kf1 gxh5 51. Rxh5 Rc2 52. Be3 Bc4+ 53. Kg2 Bd5+
54. Kh3 Bc6 55. Rh4 Bd7+ 56. Kg2 Bc6+ 57. Nf3 Ra2 58. Rc4 Bd5 59. Rb4 Be5 60.
Bf4 Ra6 61. Be3 Kf7 62. Rh4 1/2-1/2

[Event "GBR-ch86"]
[Site "Scarborough"]
[Date "1999.08.11"]
[Round "9.3"]
[White "Sasikiran, Krishnan"]
[Black "Gormally, Daniel"]
[Result "1/2-1/2"]
[WhiteElo "2536"]
[BlackElo "2476"]
[PlyCount "81"]
[EventDate "1999.08.02"]
[EventType "swiss"]
[EventRounds "11"]
[EventCountry "GBR"]

1. d4 Nf6 2. c4 g6 3. Nc3 d5 4. Nf3 Bg7 5. Qb3 dxc4 6. Qxc4 O-O 7. e4 Na6 8.
Be2 c5 9. d5 e6 10. O-O exd5 11. exd5 Bf5 12. Bf4 Qb6 13. Na4 Qb4 14. a3 Qxc4
15. Bxc4 Rad8 16. Nc3 Ne4 17. Nh4 Bxc3 18. Nxf5 Bd2 19. Ne3 g5 20. Bg3 Bxe3 21.
fxe3 Nd2 22. Bxa6 bxa6 23. Rf5 f6 24. b4 Kf7 25. bxc5 Kg6 26. Rd1 Ne4 27. Rdf1
Nxc5 28. d6 Ne4 29. Rd5 Rd7 30. Rc1 Rb8 31. Rd4 f5 32. Rd5 Nxg3 33. hxg3 Rb6
34. Rcc5 Rdxd6 35. Rxf5 h6 36. Rfd5 Rf6 37. g4 Rb3 38. e4 Rxa3 39. e5 Re6 40.
Kf2 Rb3 41. Rd6 1/2-1/2

[Event "GBR-ch86"]
[Site "Scarborough"]
[Date "1999.08.11"]
[Round "9.5"]
[White "Emms, John M"]
[Black "Thipsay, Praveen"]
[Result "1-0"]
[WhiteElo "2586"]
[BlackElo "2492"]
[PlyCount "79"]
[EventDate "1999.08.02"]
[EventType "swiss"]
[EventRounds "11"]
[EventCountry "GBR"]

1. e4 e5 2. Nf3 Nc6 3. Bb5 a6 4. Ba4 Nf6 5. O-O Be7 6. Re1 b5 7. Bb3 O-O 8. d3
d6 9. c3 Na5 10. Bc2 c5 11. Nbd2 Re8 12. Nf1 h6 13. d4 Qc7 14. Ne3 Bf8 15. d5
Ng4 16. b3 Nxe3 17. Bxe3 Bd7 18. h3 c4 19. b4 Nb7 20. a4 Reb8 21. axb5 axb5 22.
Ba7 Rc8 23. Ra3 Na5 24. Be3 Nb3 25. Rxa8 Rxa8 26. Bxb3 cxb3 27. Qxb3 f5 28. Rc1
Rc8 29. Qa2 fxe4 30. Nd2 Be8 31. Qa6 Rb8 32. Nxe4 Bf7 33. c4 Qb7 34. Qxb7 Rxb7
35. Nc3 bxc4 36. b5 Be7 37. Ra1 Bf6 38. Ra8+ Kh7 39. b6 e4 40. Ra7 1-0

[Event "GBR-ch86"]
[Site "Scarborough"]
[Date "1999.08.11"]
[Round "9.6"]
[White "Turner, Matthew"]
[Black "Lalic, Bogdan"]
[Result "1/2-1/2"]
[WhiteElo "2478"]
[BlackElo "2550"]
[PlyCount "24"]
[EventDate "1999.08.02"]
[EventType "swiss"]
[EventRounds "11"]
[EventCountry "GBR"]

1. e4 e5 2. Nf3 Nf6 3. Nc3 Nc6 4. d4 exd4 5. Nd5 Be7 6. Bc4 O-O 7. O-O d6 8.
Nxd4 Nxd4 9. Qxd4 Nxd5 10. Bxd5 Bf6 11. Qd3 c6 12. Bb3 Be6 1/2-1/2

[Event "GBR-ch86"]
[Site "Scarborough"]
[Date "1999.08.11"]
[Round "9.7"]
[White "Ward, Christopher G"]
[Black "Gallagher, Joseph G"]
[Result "1-0"]
[WhiteElo "2473"]
[BlackElo "2521"]
[PlyCount "75"]
[EventDate "1999.08.02"]
[EventType "swiss"]
[EventRounds "11"]
[EventCountry "GBR"]

1. d4 Nf6 2. c4 g6 3. Nc3 Bg7 4. e4 d6 5. f3 O-O 6. Be3 c5 7. Nge2 Nc6 8. d5
Ne5 9. Ng3 e6 10. Be2 exd5 11. cxd5 a6 12. Qd2 Re8 13. Bh6 Bh8 14. O-O b5 15.
Nd1 Nfd7 16. Rc1 Nb6 17. b3 f6 18. Be3 Bd7 19. h4 Nf7 20. h5 f5 21. hxg6 hxg6
22. exf5 Rxe3 23. Nxe3 Bd4 24. fxg6 Nxd5 25. gxf7+ Kxf7 26. Qxd4 cxd4 27. Nxd5
Qg5 28. Rc7 Qxg3 29. f4 Rd8 30. Bf3 Kf8 31. Nf6 Bf5 32. Bd5 Qe3+ 33. Kh2 Bg6
34. Rf3 Qe2 35. f5 Bh5 36. Nh7+ Ke8 37. f6 Bf7 38. Bxf7# 1-0

[Event "GBR-ch86"]
[Site "Scarborough"]
[Date "1999.08.11"]
[Round "9.8"]
[White "Hebden, Mark"]
[Black "Hunt, Harriet"]
[Result "1/2-1/2"]
[WhiteElo "2510"]
[BlackElo "2420"]
[PlyCount "87"]
[EventDate "1999.08.02"]
[EventType "swiss"]
[EventRounds "11"]
[EventCountry "GBR"]

1. d4 Nf6 2. Nf3 e6 3. c3 c5 4. Bg5 cxd4 5. cxd4 Qa5+ 6. Nc3 Ne4 7. Bd2 Nxd2 8.
Qxd2 d5 9. e3 Nc6 10. Bd3 Be7 11. O-O O-O 12. a3 f5 13. b4 Qd8 14. Na4 b6 15.
Rfc1 Bd7 16. Ba6 Qe8 17. Nb2 Rd8 18. Ne5 Nxe5 19. dxe5 Bc8 20. Be2 Qd7 21. Nd1
Bg5 22. f4 Be7 23. Nc3 d4 24. exd4 Qxd4+ 25. Qxd4 Rxd4 26. Nb5 Rd7 27. Nc7 Rd2
28. Bf3 g5 29. Nb5 a5 30. Rc7 Bd7 31. Rd1 Rxd1+ 32. Bxd1 Rd8 33. Bb3 Kf8 34.
Nd4 axb4 35. axb4 Bxb4 36. Nxe6+ Bxe6 37. Bxe6 gxf4 38. Rf7+ Ke8 39. Rxh7 Rd2
40. Kf1 Bc5 41. Bxf5 Rf2+ 42. Ke1 Rxg2 43. Bd7+ Kd8 44. Bc6 1/2-1/2

[Event "GBR-ch86"]
[Site "Scarborough"]
[Date "1999.08.11"]
[Round "9.9"]
[White "Kunte, Abhijit"]
[Black "Houska, Miroslav"]
[Result "1-0"]
[WhiteElo "2465"]
[BlackElo "2364"]
[PlyCount "87"]
[EventDate "1999.08.02"]
[EventType "swiss"]
[EventRounds "11"]
[EventCountry "GBR"]

1. e4 e5 2. Nc3 d6 3. Nf3 Nf6 4. d4 exd4 5. Nxd4 g6 6. g3 Bg7 7. Bg2 O-O 8. O-O
Bd7 9. h3 Nc6 10. Nde2 Re8 11. Be3 a5 12. b3 a4 13. Qd2 Qc8 14. g4 h5 15. g5
Nh7 16. Kh2 f6 17. gxf6 Nxf6 18. Rae1 Kh7 19. f4 axb3 20. axb3 Ra5 21. Nd4 Rc5
22. Bg1 Ng8 23. Re2 Nxd4 24. Bxd4 Bxd4 25. Qxd4 Qd8 26. b4 Rc6 27. f5 Re5 28.
Ref2 gxf5 29. exf5 Nf6 30. Bxc6 Bxc6 31. Rg1 b5 32. Re2 Ng4+ 33. Kg3 Rxe2 34.
Nxe2 Ne5 35. Kf2 Qf6 36. Qf4 Be8 37. Qg5 Qf7 38. Nf4 c5 39. Nxh5 Nd7 40. Nf4
Qf6 41. Qg8+ Kh6 42. Qxe8 Qh4+ 43. Ke3 Qe1+ 44. Rxe1 1-0

[Event "GBR-ch86"]
[Site "Scarborough"]
[Date "1999.08.11"]
[Round "9.10"]
[White "Lane, Gary William"]
[Black "Arkell, Keith C"]
[Result "1-0"]
[WhiteElo "2409"]
[BlackElo "2462"]
[PlyCount "124"]
[EventDate "1999.08.02"]
[EventType "swiss"]
[EventRounds "11"]
[EventCountry "GBR"]

1. e4 c6 2. d4 d5 3. Nd2 dxe4 4. Nxe4 Nd7 5. Ng5 Ndf6 6. Bc4 Nd5 7. N1f3 g6 8.
O-O Bg7 9. Re1 Nh6 10. Qe2 Bg4 11. h3 Bxf3 12. Nxf3 Nf5 13. c3 e6 14. Ne5 O-O
15. a4 Qc7 16. Bd2 Rad8 17. Nd3 Rfe8 18. a5 b5 19. axb6 axb6 20. b4 Nd6 21. Bb3
Nb5 22. Rac1 Ra8 23. Ne5 Nxb4 24. Bc4 Nd5 25. Bxb5 cxb5 26. Qxb5 Rec8 27. c4
Ne7 28. Bf4 Qd8 29. Red1 g5 30. Bd2 Nf5 31. Bc3 Qc7 32. Qb1 h6 33. Ba1 Ra5 34.
Nf3 Rca8 35. Bc3 Ra2 36. Bb4 R8a4 37. Qb3 Qf4 38. Bd2 Qe4 39. Re1 Qb7 40. Bc3
R4a3 41. Qb1 Qc7 42. Bb4 Ra4 43. c5 bxc5 44. Bxc5 Qd8 45. Rcd1 Qd5 46. Qb8+ Kh7
47. Qe8 Kg6 48. Ne5+ Bxe5 49. Rxe5 Ra8 50. Qb5 Qd8 51. Qd3 Kg7 52. d5 Qf6 53.
Re2 Rxe2 54. Qxe2 Qc3 55. Bb6 exd5 56. Rxd5 Ra1+ 57. Kh2 Re1 58. Qb5 Qc1 59.
Rxf5 Rh1+ 60. Kg3 Qc3+ 61. f3 Qe1+ 62. Bf2 Rxh3+ 1-0

[Event "GBR-ch86"]
[Site "Scarborough"]
[Date "1999.08.11"]
[Round "9.11"]
[White "Saravanan, Venkat"]
[Black "Haslinger, Stewart"]
[Result "1/2-1/2"]
[WhiteElo "2429"]
[BlackElo "2267"]
[PlyCount "60"]
[EventDate "1999.08.02"]
[EventType "swiss"]
[EventRounds "11"]
[EventCountry "GBR"]

1. e4 e5 2. Nf3 Nc6 3. Bb5 a6 4. Ba4 Nf6 5. Qe2 b5 6. Bb3 Bc5 7. c3 d6 8. d3
Be6 9. Bg5 Bxb3 10. axb3 h6 11. Be3 O-O 12. Nbd2 Qe7 13. b4 Bxe3 14. Qxe3 a5
15. bxa5 Nxa5 16. O-O c5 17. Nh4 Rfb8 18. Nf5 Qe6 19. b4 cxb4 20. cxb4 Nc6 21.
Rxa8 Rxa8 22. Qb6 Nxb4 23. Qxb5 Nbd5 24. Nc4 Nf4 25. g3 Ne2+ 26. Kg2 d5 27. Qb7
Rf8 28. Ne7+ Kh7 29. Nxd5 Nxd5 30. Qxd5 Nf4+ 1/2-1/2

[Event "GBR-ch86"]
[Site "Scarborough"]
[Date "1999.08.11"]
[Round "9.13"]
[White "McFarland, Robert S"]
[Black "Conquest, Stuart"]
[Result "0-1"]
[WhiteElo "2267"]
[BlackElo "2555"]
[PlyCount "170"]
[EventDate "1999.08.02"]
[EventType "swiss"]
[EventRounds "11"]
[EventCountry "GBR"]

1. Nf3 f5 2. g3 Nf6 3. Bg2 g6 4. b3 Bg7 5. Bb2 d6 6. d4 O-O 7. Nbd2 Nc6 8. O-O
Qe8 9. Re1 e5 10. dxe5 dxe5 11. e4 f4 12. Nc4 Bg4 13. h3 Rd8 14. Qe2 Bxf3 15.
Bxf3 b5 16. Na3 fxg3 17. fxg3 a6 18. Rad1 Qe7 19. c3 h5 20. Nc2 Qe6 21. Bg2 Bh6
22. Ne3 h4 23. g4 Ne7 24. Ba3 Rde8 25. Kh1 Rf7 26. Nd5 Nexd5 27. exd5 Qb6 28.
c4 Nd7 29. Rf1 Bf4 30. Qd3 Rf6 31. b4 bxc4 32. Qxc4 Kh7 33. g5 Rf5 34. Bc1 Qd6
35. Be4 Rxg5 36. Bxf4 exf4 37. Rxf4 Ne5 38. Rxh4+ Kg8 39. Qc5 Rf8 40. Qxd6 cxd6
41. Rd2 Kg7 42. Rg2 Rf1+ 43. Kh2 Rxg2+ 44. Bxg2 Rf2 45. Re4 Rxa2 46. Re3 Rb2
47. Kg3 Rxb4 48. Ra3 Nc4 49. Rxa6 Ne3 50. Kf2 Nf5 51. Ra2 Kf6 52. Re2 Nd4 53.
Re4 Rb2+ 54. Kg3 Rd2 55. Rf4+ Nf5+ 56. Kh2 Kg5 57. Re4 Nh4 58. Rg4+ Kh5 59. Kg1
Nxg2 60. Rxg2 Rxd5 61. Kh2 Rf5 62. Rd2 d5 63. Rd4 Kg5 64. Kg3 Kf6 65. h4 Ke5
66. Rd1 d4 67. Kg4 Kd5 68. Rd2 Kc4 69. Rc2+ Kb5 70. Rb2+ Kc6 71. Rd2 Kc5 72.
Rc2+ Kd5 73. Rd2 Rf1 74. Kg5 Rg1+ 75. Kf4 Kc4 76. Rc2+ Kd3 77. Rc6 Kd2 78. Ke4
d3 79. Kf3 Rf1+ 80. Kg2 Rf4 81. Kg3 Ke3 82. Rxg6 d2 83. Re6+ Re4 84. Rd6 Rd4
85. Re6+ Kd3 0-1

[Event "GBR-ch86"]
[Site "Scarborough"]
[Date "1999.08.11"]
[Round "9.14"]
[White "Davies, Nigel"]
[Black "Duncan, Christopher R"]
[Result "1-0"]
[WhiteElo "2518"]
[BlackElo "2297"]
[PlyCount "59"]
[EventDate "1999.08.02"]
[EventType "swiss"]
[EventRounds "11"]
[EventCountry "GBR"]

1. c4 e5 2. g3 Nc6 3. Nc3 g6 4. Bg2 Bg7 5. e4 d6 6. Nge2 Nge7 7. d3 O-O 8. O-O
Be6 9. Nd5 f5 10. Be3 Qd7 11. Qd2 Rf7 12. Rae1 Raf8 13. b4 a6 14. a4 Nd8 15. a5
Nc8 16. exf5 Bxf5 17. d4 Bh3 18. dxe5 Bxe5 19. f4 Bg7 20. Bxh3 Qxh3 21. Bd4 Ne6
22. Bxg7 Nxg7 23. Nd4 Qd7 24. Nf3 c6 25. Nc3 Re8 26. Ne4 h6 27. Ne5 dxe5 28.
Qxd7 Rxd7 29. Nf6+ Kh8 30. Nxd7 1-0

[Event "GBR-ch86"]
[Site "Scarborough"]
[Date "1999.08.11"]
[Round "9.15"]
[White "Pert, Nicholas"]
[Black "Mason, Donald"]
[Result "1-0"]
[WhiteElo "2425"]
[BlackElo "2284"]
[PlyCount "73"]
[EventDate "1999.08.02"]
[EventType "swiss"]
[EventRounds "11"]
[EventCountry "GBR"]

1. d4 Nf6 2. Nf3 g6 3. g3 Bg7 4. Bg2 O-O 5. O-O d6 6. c4 Nc6 7. Nc3 a6 8. d5
Na5 9. b3 c5 10. Bb2 Rb8 11. Nd2 b5 12. Qc2 h5 13. Rab1 Bf5 14. e4 Bd7 15. Nd1
e5 16. f4 exf4 17. gxf4 bxc4 18. Nxc4 Nxc4 19. bxc4 Rxb2 20. Rxb2 Ng4 21. Bf3
Bd4+ 22. Kh1 Qh4 23. Bxg4 Bxg4 24. Rb3 Bh3 25. Rf2 Bd7 26. Rd3 Ba4 27. Qxa4
Bxf2 28. Nxf2 Qxf2 29. Qd1 Qxf4 30. Qe2 Re8 31. Re3 f5 32. Qg2 g5 33. Rf3 Qxe4
34. Qxg5+ Kf7 35. Qxh5+ Kf6 36. Qh6+ Ke5 37. Qg7# 1-0

[Event "GBR-ch86"]
[Site "Scarborough"]
[Date "1999.08.11"]
[Round "9.17"]
[White "Kidambi, Sundara"]
[Black "Williams, Simon Kim"]
[Result "1-0"]
[WhiteElo "2334"]
[BlackElo "2421"]
[PlyCount "53"]
[EventDate "1999.08.02"]
[EventType "swiss"]
[EventRounds "11"]
[EventCountry "GBR"]

1. d4 e6 2. c4 f5 3. g3 Nf6 4. Bg2 Be7 5. Nc3 O-O 6. Nf3 d6 7. O-O a5 8. b3 Ne4
9. Bb2 Bf6 10. Qc2 Nxc3 11. Bxc3 Nc6 12. e4 f4 13. gxf4 Qe8 14. e5 Be7 15. Qe4
Qh5 16. Rfe1 Nd8 17. d5 exd5 18. cxd5 Bh3 19. Bxh3 Qxh3 20. Kh1 dxe5 21. Bxe5
Nf7 22. Bxg7 Kxg7 23. Rg1+ Kf6 24. Rg3 Qd7 25. Qxh7 Bc5 26. Qh4+ Ng5 27. Qxg5+
1-0